Vyhláška o dovoznej prirážke

Vyhláška MF SR č.197/1997 Z.z. zo 17. júla 1997 o dovoznej prirážke. Zoznam položiek tovarov obchodného charakteru, na ktoré sa neuplatňuje dovozná prirážka.

Gespeichert in:
Bibliographische Detailangaben
Format: Buchkapitel
Sprache:Slowakisch
Schlagworte:
Tags: Tag hinzufügen
Keine Tags, Fügen Sie das erste Tag hinzu!

MARC

LEADER 00000naa a2200000 4500
001 r027802
005 20230912110323.6
041 0 |a slo 
044 |a SK 
245 1 0 |a Vyhláška o dovoznej prirážke 
520 |a Vyhláška MF SR č.197/1997 Z.z. zo 17. júla 1997 o dovoznej prirážke. Zoznam položiek tovarov obchodného charakteru, na ktoré sa neuplatňuje dovozná prirážka. 
610 2 0 |a vyhlášky 
610 2 0 |a Slovensko 
610 2 0 |a 1997 
610 2 0 |a dovoz 
610 2 0 |a prirážky dovozné 
610 2 0 |a obchod zahraničný